| 000 | 00963nam a2200217Ia 4500 | ||
|---|---|---|---|
| 001 | 16786 | ||
| 003 | GE_BSU | ||
| 008 | 181216s||||||||xx |||||||||||||| ||und|| | ||
| 040 | _cGE_BSU | ||
| 080 | _a821-1 | ||
| 245 | _aთავისუფლების მომღერლები | ||
| 245 | _bსახალხო დემოკრატიის ქვეყნების პოეტები | ||
| 245 | _cთარგმ. გრ. აბაშიძისა. რედ. ბ. მირცხულავა. მხ. ნიორაძე შ. კაპანაძე ზ. | ||
| 260 | _aთბილისი | ||
| 260 | _bსაბჭ. საქართველო | ||
| 260 | _c1958 | ||
| 300 | _a295გვ. ; 20სმ. | ||
| 653 | _aთავისუფლების მომღერლები | ||
| 653 | _aსახალხო დემოკრატიის ქვეყნების პოეტები | ||
| 942 | _cBK | ||
| 999 |
_c49851 _d49851 |
||